| 000 | 01053cam a2200265 i 4500 | ||
|---|---|---|---|
| 999 |
_c464 _d464 |
||
| 005 | 20191217041543.0 | ||
| 008 | 991206s1990 ck ab r 00010 spa d | ||
| 015 | _ack-1900-xxxx | ||
| 040 |
_ala _cla _dCO-BoIAVH |
||
| 041 | 0 | _aspa | |
| 044 | _ack | ||
| 090 |
_aIND- _b81 |
||
| 110 | 2 | _aInderena | |
| 245 | 1 | 0 |
_aAreas protegidas de la cuenca del Amazonas : _bdiagnóstico preliminar de su estado actual y revisión de las políticas formuladas para su manejo / _cInderena ; elaborado por Martha Rojas U., Carlos Castaño U. |
| 260 |
_aBogotá : _bInderena _c1990. |
||
| 300 |
_a213 páginas : _bilustraciones y mapas ; _c24 cm. |
||
| 650 | 1 | 4 |
_aProtección del medio ambiente _z Amazonas (Colombia) |
| 650 | 2 | 4 |
_aAreas protegidas _z Amazonas (colombia) |
| 650 | 2 | 4 |
_aCuencas hidrográficas _x Aspectos ambientales _z Amazonas (Colombia) |
| 650 | 2 | 4 | _aPolítica ambiental |
| 700 | 1 |
_aRojas U., Martha., _eautora |
|
| 700 | 1 |
_aCastaño U., Carlos., _eautor |
|
| 942 |
_2z _cLIBRO |
||
| 949 |
_an _bn |
||